| 000 | 00667nam a22002177a 4500 | ||
|---|---|---|---|
| 003 | BUBTL | ||
| 008 | 180408b xxu||||| |||| 00| 0 eng d | ||
| 020 | _a007-286169-x | ||
| 082 |
_a332.72 _bBRF |
||
| 100 |
_91838 _aBrueggeman, William B. |
||
| 245 |
_aReal Estate Finance and Investments _cWilliam B. Brueggeman |
||
| 250 | _a12th | ||
| 260 |
_aNew York _bMc Graw Hill _c2005 |
||
| 300 |
_a[xv] , 638p . : _bill , Table , Chart ;22cm . _cFinancial . |
||
| 500 | _aIncludes Index . | ||
| 650 | 0 |
_918 _aFinance |
|
| 700 |
_91839 _aWilliam B. Brueggeman , Jeffrey D. Fisher |
||
| 856 |
_k0 _l0 _yDownload |
||
| 942 |
_2ddc _cBK |
||
| 999 |
_c5702 _d5702 |
||